[Event "GER-ch Youth U16 2020"]
[Site "Willingen"]
[Date "2020.10.23"]
[Round "6.7"]
[White "Müller, Magnus"]
[Black "Nguyen, Alex Dac-Vuong"]
[Result "1-0"]
[WhiteElo "2030"]
[BlackElo "2343"]
[Annotator "RC"]
[PlyCount "65"]
[EventDate "2020.10.20"]
[EventType "swiss"]
[EventRounds "7"]
[EventCountry "GER"]
[SourceTitle "playchess.com"]
[Source "ChessBase"]
[SourceQuality "1"]
[TimeControl "40/5400+30:1800+30"]

1. d4 {[%emt 0:01:23]} Nf6 {[%emt 0:00:00]} 2. Bf4 {[%emt 0:03:09]} e6 {[%emt 0:00:00]} 3. e3 {[%emt 0:00:08]} c5 {[%emt 0:00:00]} 4. c3 {[%emt 0:00:21]} Nc6 {[%emt 0:00:12]} 5. Nd2 {[%emt 0:00:05]} d5 {[%emt 0:00:04]} 6. Ngf3 {[%emt 0:00:06]} Bd6 {[%emt 0:00:06]} 7. Bg3 {[%emt 0:00:04]} O-O {[%emt 0:00:06]} 8. Bb5 {[%emt 0:00:38]} a6 {[%emt 0:05:37]} 9. Bxc6 {[%emt 0:00:06]} bxc6 {[%emt 0:00:04]} 10. Qa4 {[%emt 0:00:45]} Bb7 {[%emt 0:03:10]} 11. Bxd6 {[%emt 0:00:36]} Qxd6 {[%emt 0:00:09]} 12. Qa3 {[%emt 0:00:03]} Nd7 {[%emt 0:05:50]} 13. Nb3 {[%emt 0:04:22]} a5 {[%emt 0:05:02]} 14. Nxc5 {[%emt 0:16:08]} Nxc5 {[%emt 0:00:10]} 15. Qxc5 {[%emt 0:00:04]} Qxc5 {[%emt 0:01:42]} 16. dxc5 {[%emt 0:00:07]} a4 {[%emt 0:00:39]} 17. Kd2 {[%emt 0:05:28]} Ra5 {[%emt 0:06:41]} 18. b4 {[%emt 0:06:33]} axb3 {[%emt 0:00:34]} 19. axb3 {[%emt 0:00:04]} Rfa8 {[%emt 0:00:30]} 20. Rxa5 {[%emt 0:00:08]} Rxa5 {[%emt 0:00:05]} 21. Rc1 {[%emt 0:00:27]} Rxc5 {[%emt 0:01:17]} 22. Ra1 {[%emt 0:09:00]} Rb5 {[%emt 0:01:09]} 23. Nd4 {[%emt 0:00:45]} Rb6 {[%emt 0:00:07]} 24. b4 {[%emt 0:00:24]} g6 {[%emt 0:05:57]} 25. Ra7 {[%emt 0:04:52]} Kg7 {[%emt 0:03:20]} 26. Nb3 {[%emt 0:02:32]} e5 {[%emt 0:02:22]} 27. f4 {[%emt 0:13:35]} exf4 {[%emt 0:08:41]} 28. exf4 {[%emt 0:00:04]} Ba6 {[%emt 0:00:21]} 29. Nc5 {[%emt 0:06:26]} Bc4 {[%emt 0:01:25]} 30. Nd7 {[%emt 0:00:59]} Ra6 {[%emt 0:00:19]} 31. Rxa6 {[%emt 0:00:03]} Bxa6 {[%emt 0:00:10]} 32. Ke3 {[%emt 0:00:15]} Bc8 {[%emt 0:01:48]} 33. Nb8 {[%emt 0:01:39]} 1-0

[Event "GER-ch Youth U16 2020"]
[Site "Willingen"]
[Date "2020.10.23"]
[Round "6.8"]
[White "Sulayev, Daniel"]
[Black "Pahl, Erik"]
[Result "1-0"]
[WhiteElo "2193"]
[BlackElo "2097"]
[Annotator "TA"]
[PlyCount "65"]
[EventDate "2020.10.20"]
[EventType "swiss"]
[EventRounds "7"]
[EventCountry "GER"]
[SourceTitle "playchess.com"]
[Source "ChessBase"]
[SourceQuality "1"]

{[%evp 9,65,40,35,38,31,33,22,29,32,26,26,26,24,27,29,24,65,51,57,58,47,52,60,60,45,54,60,62,75,61,75,91,151,62,79,75,220,217,224,183,200,200,546,512,500,470,791,800,762,786,672,679,672,665,643,652,742,722]} 1. c4 e5 2. Nc3 Nc6 3. Nf3 f5 4. g3 Nf6 5. d4 e4 6. Nh4 {A27: English Opening: Three Knights Variation.} d6 7. Bg5 $1 {[%mdl 4] is more profitable than 7.Bh3 at the moment.} Be7 8. e3 {The position is equal.} O-O 9. Be2 Ne8 10. Bxe7 Nxe7 11. Ng2 Nf6 12. h4 {[#]} Bd7 $146 ({Predecessor:} 12... Be6) 13. Qb3 Rb8 14. Nf4 Kh8 15. h5 a6 16. a4 a5 17. Kf1 b6 18. Kg2 Qc8 19. Nb5 Qb7 20. Rac1 Rbc8 {[#]} ({Black should play} 20... h6) 21. Qc3 (21. c5 $1 $16) 21... Nc6 22. c5 {d5 is the strong threat.} d5 {This move loses the game for Black.} (22... Nb4 $16 {might work better.}) 23. cxb6 $18 Qxb6 24. Qc5 Nb4 25. Nxc7 Qb8 $2 (25... Qxc5 {is more resistant.} 26. Rxc5 Bxa4) 26. h6 {[#] White wants to mate with Qe7.White is clearly winning.} Rf7 27. hxg7+ Rxg7 (27... Kg8 $142 28. Qd6 Bc6) 28. Qd6 Rf8 29. Rh6 Qd8 30. Nce6 Bxe6 31. Qxd8 Rxd8 32. Nxe6 Re8 33. Rxf6 {Av CentiPawn Loss W=-6/B=-33. Weighted=-5/-30} 1-0

[Event "GER-ch Youth U16 2020"]
[Site "Willingen"]
[Date "2020.10.23"]
[Round "6.9"]
[White "Reimer, Philip"]
[Black "Khachatryan, Taron"]
[Result "1/2-1/2"]
[WhiteElo "1984"]
[BlackElo "2136"]
[Annotator "ChessBase"]
[PlyCount "91"]
[EventDate "2020.10.20"]
[EventType "swiss"]
[EventRounds "7"]
[EventCountry "GER"]
[SourceTitle "playchess.com"]
[Source "ChessBase"]
[SourceQuality "1"]
[TimeControl "40/5400+30:1800+30"]

1. e4 {[%emt 0:00:00]} c5 {[%emt 0:00:00]} 2. Nf3 {[%emt 0:00:00]} d6 {[%emt 0:00:00]} 3. d4 {[%emt 0:00:02]} cxd4 {[%emt 0:00:00]} 4. Nxd4 {[%emt 0:00:06]} Nf6 {[%emt 0:00:00]} 5. Nc3 {[%emt 0:00:06]} a6 {[%emt 0:00:05]} 6. Bg5 {[%emt 0:00:06]} e6 {[%emt 0:00:05]} 7. f4 {[%emt 0:00:03]} Qb6 {[%emt 0:00:08]} 8. Qd3 {[%emt 0:00:07]} Qxb2 {[%emt 0:01:45]} 9. Rb1 {[%emt 0:00:04]} Qa3 {[%emt 0:00:08]} 10. f5 {[%emt 0:00:09]} Nc6 {[%emt 0:03:24]} 11. fxe6 {[%emt 0:12:48]} fxe6 {[%emt 0:00:11]} 12. Nxc6 {[%emt 0:01:21]} bxc6 {[%emt 0:00:16]} 13. Bxf6 {[%emt 0:31:13]} gxf6 {[%emt 0:00:11]} 14. e5 {[%emt 0:00:14]} dxe5 {[%emt 0:06:17]} 15. Be2 {[%emt 0:23:06]} Bb4 {[%emt 0:03:24]} 16. Rb3 {[%emt 0:01:48]} Qc1+ {[%emt 0:01:15]} 17. Bd1 {[%emt 0:00:13]} Bxc3+ {[%emt 0:10:36]} 18. Qxc3 {[%emt 0:00:11]} O-O {[%emt 0:06:34]} 19. O-O {[%emt 0:00:17]} Qh6 {[%emt 0:03:34]} 20. Qxc6 {[%emt 0:08:29]} Ra7 {[%emt 0:01:05]} 21. Bg4 {[%emt 0:06:41]} f5 {[%emt 0:16:08]} 22. Bxf5 {[%emt 0:07:20]} Raf7 {[%emt 0:00:24]} 23. Rg3+ {[%emt 0:03:26]} Kh8 {[%emt 0:01:15]} 24. Bd3 {[%emt 0:00:01]} Rxf1+ {[%emt 0:03:57]} 25. Bxf1 {[%emt 0:00:01]} Qd2 {[%emt 0:02:16]} 26. Rf3 {[%emt 0:01:30]} Qd4+ {[%emt 0:00:19]} 27. Kh1 {[%emt 0:00:10]} Qd8 {[%emt 0:01:22]} 28. Rxf8+ {[%emt 0:00:59]} Qxf8 {[%emt 0:00:46]} 29. Bxa6 {[%emt 0:01:38]} Bxa6 {[%emt 0:00:14]} 30. Qxa6 {[%emt 0:00:02]} Qf4 {[%emt 0:00:39]} 31. Qc8+ {[%emt 0:00:46]} Kg7 {[%emt 0:00:10]} 32. Qd7+ {[%emt 0:00:14]} Kh8 {[%emt 0:00:57]} 33. Qe8+ {[%emt 0:00:45]} Kg7 {[%emt 0:00:02]} 34. Qd7+ {[%emt 0:00:10]} Kh8 {[%emt 0:00:09]} 35. Qd1 {[%emt 0:00:27]} Qb4 {[%emt 0:04:34]} 36. Qd8+ {[%emt 0:00:43]} Kg7 {[%emt 0:00:17]} 37. Qg5+ {[%emt 0:00:08]} Kf7 {[%emt 0:00:27]} 38. Qh5+ {[%emt 0:00:15]} Kg8 {[%emt 0:00:57]} 39. Qe8+ {[%emt 0:01:24]} Kg7 {[%emt 0:00:17]} 40. Qd7+ {[%emt 0:00:10]} Kf6 {[%emt 0:03:29]} 41. Qd1 {[%emt 0:32:17]} Kg7 {[%emt 0:30:17]} 42. Qa1 {[%emt 0:00:48]} Qa5 {[%emt 0:03:04]} 43. a4 {[%emt 0:00:37]} Kf7 {[%emt 0:00:17]} 44. h3 {[%emt 0:00:21]} e4 {[%emt 0:00:24]} 45. Kg1 {[%emt 0:00:00]} Qc5+ 46. Kh2 1/2-1/2

[Event "GER-ch Youth U16 2020"]
[Site "Willingen"]
[Date "2020.10.23"]
[Round "6.10"]
[White "Skabs, Denis"]
[Black "Mainka, Alwin"]
[Result "1/2-1/2"]
[WhiteElo "1875"]
[BlackElo "1954"]
[Annotator "ChessBase"]
[PlyCount "68"]
[EventDate "2020.10.20"]
[EventType "swiss"]
[EventRounds "7"]
[EventCountry "GER"]
[SourceTitle "playchess.com"]
[Source "ChessBase"]
[SourceQuality "1"]
[TimeControl "40/5400+30:1800+30"]

1. e4 {[%emt 0:00:00]} c5 {[%emt 0:00:00]} 2. d4 {[%emt 0:00:00]} cxd4 {[%emt 0:00:00]} 3. c3 {[%emt 0:00:00]} d5 {[%emt 0:00:00]} 4. exd5 {[%emt 0:00:00]} Qxd5 {[%emt 0:00:04]} 5. cxd4 {[%emt 0:00:11]} Nc6 {[%emt 0:00:31]} 6. Nf3 {[%emt 0:00:17]} e6 {[%emt 0:01:30]} 7. Nc3 {[%emt 0:00:58]} Qd8 {[%emt 0:00:32]} 8. a3 {[%emt 0:08:14]} Be7 {[%emt 0:01:47]} 9. Bc4 {[%emt 0:03:06]} Nf6 {[%emt 0:00:28]} 10. Bg5 {[%emt 0:00:30]} O-O {[%emt 0:00:40]} 11. O-O {[%emt 0:00:12]} Na5 {[%emt 0:01:59]} 12. Ba2 {[%emt 0:01:58]} b6 {[%emt 0:02:24]} 13. Qd3 {[%emt 0:01:19]} Bb7 {[%emt 0:02:59]} 14. Rad1 {[%emt 0:01:11]} h6 {[%emt 0:05:39]} 15. Bh4 {[%emt 0:01:32]} Nd5 {[%emt 0:06:30]} 16. Bxe7 {[%emt 0:18:15]} Nxe7 {[%emt 0:02:58]} 17. Ne5 {[%emt 0:10:03]} Nac6 {[%emt 0:06:58]} 18. Bb1 {[%emt 0:10:25]} g6 {[%emt 0:01:36]} 19. Qe3 {[%emt 0:01:28]} Kg7 {[%emt 0:04:36]} 20. Rfe1 {[%emt 0:12:13]} Nd5 {[%emt 0:06:50]} 21. Nxd5 {[%emt 0:01:01]} Qxd5 {[%emt 0:00:42]} 22. Be4 {[%emt 0:02:11]} Qd6 {[%emt 0:01:03]} 23. Qg3 {[%emt 0:16:43]} Nxd4 {[%emt 0:09:08]} 24. Rxd4 {[%emt 0:01:16]} Qxd4 {[%emt 0:00:24]} 25. Bxb7 {[%emt 0:00:03]} Qd2 {[%emt 0:01:12]} 26. Nf3 {[%emt 0:00:53]} Qxb2 {[%emt 0:01:07]} 27. Bxa8 {[%emt 0:00:07]} Rxa8 {[%emt 0:00:07]} 28. Ne5 {[%emt 0:05:04]} Qd2 {[%emt 0:01:29]} 29. Rf1 {[%emt 0:01:02]} Rc8 {[%emt 0:01:23]} 30. Qf3 {[%emt 0:00:30]} Rc7 {[%emt 0:01:07]} 31. Rd1 {[%emt 0:01:58]} Qc3 {[%emt 0:00:12]} 32. Qf4 {[%emt 0:02:04]} g5 {[%emt 0:07:59]} 33. Qe3 {[%emt 0:00:55]} Rc5 {[%emt 0:03:06]} 34. Nd3 {[%emt 0:00:41]} Rd5 {[%emt 0:01:13]} 1/2-1/2

[Event "GER-ch Youth U16 2020"]
[Site "Willingen"]
[Date "2020.10.23"]
[Round "6.11"]
[White "Hommel, Niclas"]
[Black "Zackrisson, Peter"]
[Result "1-0"]
[WhiteElo "2047"]
[BlackElo "1947"]
[Annotator "ChessBase"]
[PlyCount "55"]
[EventDate "2020.10.20"]
[EventType "swiss"]
[EventRounds "7"]
[EventCountry "GER"]
[SourceTitle "playchess.com"]
[Source "ChessBase"]
[SourceQuality "1"]
[TimeControl "40/5400+30:1800+30"]

1. e4 {[%emt 0:00:00]} c5 {[%emt 0:00:00]} 2. Nf3 {[%emt 0:00:00]} d6 {[%emt 0:00:00]} 3. d4 {[%emt 0:00:00]} cxd4 {[%emt 0:00:00]} 4. Nxd4 {[%emt 0:00:00]} Nf6 {[%emt 0:00:00]} 5. Nc3 {[%emt 0:00:00]} a6 {[%emt 0:00:01]} 6. f3 {[%emt 0:00:00]} e5 {[%emt 0:00:12]} 7. Nb3 {[%emt 0:00:00]} Be7 {[%emt 0:00:07]} 8. Be3 {[%emt 0:00:00]} Be6 {[%emt 0:00:08]} 9. Qd2 {[%emt 0:00:01]} h5 {[%emt 0:00:08]} 10. O-O-O {[%emt 0:01:41]} b5 {[%emt 0:02:28]} 11. Nd5 {[%emt 0:08:20]} Bxd5 {[%emt 0:00:28]} 12. exd5 {[%emt 0:00:01]} Nbd7 {[%emt 0:01:07]} 13. Na5 {[%emt 0:05:17]} Nb6 {[%emt 0:01:14]} 14. Nc6 {[%emt 0:00:07]} Qc7 {[%emt 0:00:11]} 15. Bxb6 {[%emt 0:14:44]} Qxb6 {[%emt 0:00:12]} 16. Bd3 {[%emt 0:10:54]} Nd7 {[%emt 0:10:17]} 17. h4 {[%emt 0:10:21]} Bf6 {[%emt 0:03:47]} 18. Be4 {[%emt 0:04:28]} Nb8 {[%emt 0:01:46]} 19. Kb1 {[%emt 0:04:39]} Nxc6 {[%emt 0:01:03]} 20. dxc6 {[%emt 0:00:01]} O-O-O {[%emt 0:00:11]} 21. Qd5 {[%emt 0:04:03]} Rhf8 {[%emt 0:02:17]} 22. g4 {[%emt 0:03:57]} Kc7 {[%emt 0:01:37]} 23. g5 {[%emt 0:09:58]} Be7 {[%emt 0:00:12]} 24. Rd3 {[%emt 0:03:59]} f5 {[%emt 0:14:08]} 25. Bxf5 {[%emt 0:03:48]} Rxf5 {[%emt 0:02:31]} 26. Qe6 {[%emt 0:00:04]} Rf4 {[%emt 0:02:41]} 27. Qxe7+ {[%emt 0:00:06]} Kc8 {[%emt 0:00:08]} 28. Rxd6 {[%emt 0:01:17]} 1-0

[Event "GER-ch Youth U16 2020"]
[Site "Willingen"]
[Date "2020.10.23"]
[Round "6.12"]
[White "Lohr, Maximilian"]
[Black "Simukov, Erik"]
[Result "1-0"]
[WhiteElo "2108"]
[BlackElo "2012"]
[Annotator "TA"]
[PlyCount "25"]
[EventDate "2020.10.20"]
[EventType "swiss"]
[EventRounds "7"]
[EventCountry "GER"]
[SourceTitle "playchess.com"]
[Source "ChessBase"]
[SourceQuality "1"]

{[%evp 11,25,-8,38,31,93,81,325,348,334,335,490,457,852,854,854,829]} 1. e4 e5 2. Nf3 Nc6 3. d4 exd4 4. Nxd4 Bc5 5. Nb3 Bb6 6. Nc3 Nge7 7. Bg5 {[#] C45: Scotch Game.} a6 $146 ({Better is} 7... f6 $14 8. Bf4 O-O) ({Predecessor:} 7... f6 8. Bh4 a5 9. Bb5 Ne5 10. f4 N5g6 11. Bg3 c6 12. Bc4 Bc7 13. Qf3 b5 14. Bd3 a4 {1-0 (37) Amin,B (2709)-Grandelius,N (2694) Astana 2019}) 8. Nd5 $16 Ba7 $2 {[#]} (8... d6 $16 {is a better defense.}) 9. Qh5 $1 $18 {White has a decisive advantage.} d6 10. Bc4 {Nf6+! would kill now.} Qd7 (10... Be6 $142 11. Nxe7 Nxe7) 11. Nxe7 {White is clearly winning.} Nxe7 (11... Ne5 $142 12. Be2 Qa4) 12. Qxf7+ {[%mdl 64] Double Attack} Kd8 13. Qxg7 {Black got outplayed after the opening} 1-0

[Event "GER-ch Youth U16 2020"]
[Site "Willingen"]
[Date "2020.10.24"]
[Round "7.1"]
[White "Dahl, Christoph"]
[Black "Köllner, Ruben Gideon"]
[Result "0-1"]
[WhiteElo "2262"]
[BlackElo "2337"]
[Annotator "TA"]
[PlyCount "106"]
[EventDate "2020.10.20"]
[EventType "swiss"]
[EventRounds "7"]
[EventCountry "GER"]
[SourceTitle "playchess.com"]
[Source "ChessBase"]
[SourceQuality "1"]

{[%evp 9,106,12,23,3,0,-2,5,-22,-25,-34,-3,-26,-26,-26,-23,-88,-41,-173,-183,-245,-231,-247,-252,-244,-254,-263,-252,-327,-311,-329,-321,-325,-324,-327,-308,-312,-304,-303,-296,-381,-382,-762,-422,-497,-497,-495,-489,-483,-482,-472,-472,-515,-506,-512,-512,-518,-516,-568,-568,-574,-574,-655,-654,-686,-660,-909,-845,-1291,-1145,-1587,-1578,-1598,-1597,-1679,-1583,-1555,-1467,-1414,-1352,-1764,-1668,-12795,-6043,-29976,-29977,-29982,-29983,-29985,-29985,-29985,-29981,-29979,-29977,-29988,-29980,-29992,-29993,-29998,-29999]} 1. e4 d6 2. d4 Nf6 3. Nc3 e5 4. Nge2 c6 5. g3 b5 6. Bg2 {B07: Pirc Defence: Miscellaneous Systems.} Be7 7. O-O Nbd7 8. f4 {[#] The position is equal.} Bb7 $146 ({Predecessor:} 8... O-O 9. a3 Bb7 10. Kh1 a5 11. Be3 Re8 12. b4 axb4 13. axb4 Bf8 14. Qd3 Qc7 {½-½ (53) Galdunts,S (2470)-Hartoch,R (2375) Bad Wildbad 1991}) 9. b3 a5 10. Bb2 O-O 11. Qd2 Re8 12. Kh1 (12. Nd1 $11 {keeps the balance.}) 12... Bf8 13. Rad1 {[#]} (13. Rfe1 $15) 13... exd4 $1 $19 14. Nxd4 (14. Qxd4 {was called for.} b4 15. Na4) 14... b4 15. Na4 Nxe4 16. Qc1 d5 17. Nf3 Ba6 18. Ne5 Nxe5 19. fxe5 Bxf1 20. Rxf1 Qg5 21. Qe1 Qd2 22. Bxe4 Qxe1 23. Rxe1 dxe4 24. Rxe4 Rad8 25. Bd4 $2 (25. Re2) 25... Rd5 {Threatens to win with ...f5.} 26. Nb6 {[#]} Rxd4 $1 {[%mdl 576] Remove Defender, Decoy} 27. Rxd4 {[%mdl 4096] Endgame KRB-KRN} Bc5 {[%mdl 64] Double Attack} 28. Rc4 Bxb6 29. Rxc6 {KRB-KR} Bd8 30. c3 bxc3 31. Rxc3 Rxe5 32. Rc8 Rd5 33. a3 Kf8 34. Rb8 Ke7 35. b4 Bc7 36. Rc8 Bd6 37. Rg8 g6 38. Rh8 h5 39. Rc8 axb4 40. axb4 Bxb4 41. Rc6 Bd6 42. Rc2 Ke6 43. Kg2 f5 44. Rb2 g5 45. Re2+ Be5 46. Rc2 f4 {Black mates.} 47. gxf4 gxf4 48. Ra2 Kf5 49. Ra4 Rd2+ 50. Kf3 Rd3+ 51. Kg2 Kg4 52. Ra2 f3+ 53. Kf1 Rd1+ {White got outplayed after the opening. Av CentiPawn Loss W=-104/B=-43. Weighted=-100/-28} 0-1

[Event "GER-ch Youth U16 2020"]
[Site "Willingen"]
[Date "2020.10.24"]
[Round "7.2"]
[White "Boder, Jan"]
[Black "Kolb, Tobias"]
[Result "0-1"]
[WhiteElo "2155"]
[BlackElo "2268"]
[Annotator "TA"]
[PlyCount "82"]
[EventDate "2020.10.20"]
[EventType "swiss"]
[EventRounds "7"]
[EventCountry "GER"]
[SourceTitle "playchess.com"]
[Source "ChessBase"]
[SourceQuality "1"]

{[%evp 9,82,0,15,14,10,14,31,6,10,-34,-28,-98,-98,-93,-100,-109,-97,-174,-169,-159,-157,-172,-164,-173,-158,-191,-133,-140,-117,-234,-223,-225,-216,-311,-204,-638,-639,-636,-631,-617,-636,-708,-354,-382,-379,-521,-507,-529,-515,-488,-339,-549,-452,-745,-745,-757,-708,-861,-858,-900,-885,-927,-908,-1091,-1067,-5018,-4706,-1908,-1188,-29978,-29979,-29978,-29979,-29988,-29989]} 1. c4 c6 2. Nf3 d5 3. e3 e6 4. Nc3 Nf6 5. b3 b6 6. Bb2 {A11: English Opening: 1...c6.} Bb7 7. Qc2 Be7 8. Be2 {White is slightly better.} O-O {[#]} 9. Rg1 $146 ({Predecessor:} 9. O-O c5 10. cxd5 exd5 11. d4 Nc6 12. Rfd1 Rc8 13. dxc5 Bxc5 14. a3 Ne7 15. Rac1 {1-0 (33) Kovalevskaya,E (2466)-Styazhkina,A (2297) Kolomna 2016}) 9... c5 10. Ne5 (10. g4 $11 {remains equal.}) 10... d4 $17 11. exd4 cxd4 12. Nb5 Bc5 $1 13. a3 {[#]} (13. b4 $17 Bxb4 14. Nxd4) 13... a6 $1 $36 {[%cal Ra6b5][%mdl 2048] White is under strong pressure.} 14. b4 axb5 15. bxc5 bxc5 16. cxb5 Nbd7 17. Nc4 {[#]} Nb6 (17... e5 $1 $19 18. a4 e4) 18. a4 Nfd5 19. a5 (19. Nxb6 $17 {was called for.} Qxb6 20. Kf1) 19... Nb4 20. Qb3 Nxc4 21. Qxc4 (21. Bxc4 {only move.} Rxa5 22. Rxa5 Qxa5 23. f3) 21... Qd6 22. Bf3 $2 (22. Qb3) 22... Bd5 23. Bxd5 exd5 ({Not} 23... Nxd5 24. g3 $11) 24. Qb3 c4 25. Qg3 Qxg3 26. hxg3 Nd3+ {[%mdl 64] Double Attack} 27. Kd1 Nxb2+ 28. Kc2 Nd3 29. Rgb1 Nc5 30. a6 $2 (30. b6 d3+ 31. Kc3) 30... Rfb8 31. a7 (31. d3 $142 Ra7 32. dxc4 dxc4 33. Rb4) 31... Rb6 32. Ra5 Kf8 33. Rh1 h6 34. Rb1 Ke7 35. f3 Kd6 36. Rb4 Nb3 37. Rxb3 cxb3+ 38. Kxb3 Kc5 39. Ka4 Rb7 {Black mates.} 40. b6+ Kxb6 41. Rxd5 Raxa7+ {Av CentiPawn Loss W=-35/B=-56. Weighted=-86/-38} 0-1

[Event "GER-ch Youth U16 2020"]
[Site "Willingen"]
[Date "2020.10.24"]
[Round "7.3"]
[White "Deuer, Marius"]
[Black "Kölle, Tobias"]
[Result "1/2-1/2"]
[WhiteElo "2209"]
[BlackElo "2323"]
[Annotator "TA"]
[PlyCount "144"]
[EventDate "2020.10.20"]
[EventType "swiss"]
[EventRounds "7"]
[EventCountry "GER"]
[SourceTitle "playchess.com"]
[Source "ChessBase"]
[SourceQuality "1"]

{[%evp 10,144,23,28,31,30,31,23,23,18,27,13,19,2,19,-39,33,33,33,39,36,27,25,22,19,18,42,0,8,-195,-202,-259,-262,-243,-245,-239,-90,-330,-320,-299,-128,-117,-97,-151,-151,-160,-102,-245,-247,-521,-323,-517,-512,-504,-500,-1016,-997,-5002,-4918,-1893,-611,-633,-222,-220,-212,-204,-215,-209,-209,-203,-171,-182,-170,-179,-186,-374,-370,-358,-362,-336,-337,-342,-276,-254,-268,-269,-269,-260,-115,-117,0,-260,-222,-231,-222,-257,-245,-250,-258,-256,-256,-243,-231,-240,-43,-33,-71,-70,-39,-11,0,-28,0,0,0,0,0,0,0,0,0,0,0,0,0,0,0,0,0,0,0,0,0,0,0,0,0]} 1. e4 c5 2. Nf3 d6 3. Bb5+ Bd7 4. Bxd7+ Qxd7 5. c4 Nf6 6. Nc3 g6 $1 {6...g6 is better than 6...Nc6. B52: Sicilian: Moscow Variation with 3...Bd7.} 7. d4 cxd4 8. Qxd4 Nc6 {White has an edge.} 9. Qd3 Bg7 10. O-O O-O 11. Rb1 {[#]} Ng4 $146 ({Predecessor:} 11... Rfc8 12. b3 Rab8 13. h3 a6 14. a4 Qd8 15. Nd5 Nd7 16. Bg5 h6 17. Bh4 g5 {½-½ (27) Remaitre,A (2043)-Duchateau,T (2133) France 2008}) 12. b3 (12. Bf4 $11) 12... Nce5 (12... Nb4 $15 13. Qd2 Bxc3 14. Qxc3 Nxa2) 13. Nxe5 $14 Nxe5 14. Qd2 f5 15. f4 Nc6 $1 16. Bb2 Rad8 17. Rbd1 Qe6 18. Qd5 Qf7 {Black wants to play ...Bd4+!} 19. Rfe1 $2 {[#]} (19. exf5 $11 Qxd5 20. cxd5) 19... Bd4+ $1 $19 {[%mdl 512]} 20. Kh1 {With the idea exf5.} (20. Rxd4 e6) 20... e6 21. Qb5 a6 22. Qa4 e5 (22... fxe4 $1 $19 {Strongly threatening ...Qg7.} 23. Rxe4 e5) 23. Rd2 $2 (23. Qa3 $17) 23... fxe4 ({Weaker is} 23... exf4 24. Rxd4 $1 {[%mdl 512]} Nxd4 25. Nd5 $15) 24. Nxe4 Bxb2 (24... Qxf4 $19 25. Bxd4 exd4) 25. Rxb2 $17 Qxf4 {( -> ...Qf1+!)} 26. Rf2 (26. Rbb1 $142) 26... Qh4 $40 {[%mdl 128] Black wants a kill.} 27. g3 Qe7 (27... Qh3 $142 28. Rg2 Qd7) 28. Rxf8+ (28. Ref1 $17) 28... Qxf8 $19 ({Don't do} 28... Kxf8 29. h3 $17) 29. Qa3 $2 (29. Kg2 {was called for.}) 29... Qf3+ 30. Kg1 Nd4 {White must now prevent ...Ne2+.} 31. Qb2 {If White can now play Qg2 this consolidates a bit.} Rf8 32. Nf2 (32. Qf2 $142 Qxf2+ 33. Nxf2 Nf3+ {[%mdl 64] Double Attack} 34. Kf1 Nxe1 35. Kxe1) 32... Qh5 33. Kg2 {[#]} Nf3 $1 34. Rh1 {[#]} Ng5 (34... Nh4+ $142 $1 {[%mdl 512]} 35. gxh4 Qf3+ 36. Kg1 e4) 35. g4 Rxf2+ $2 (35... Qh4 36. Rb1 Nf3) 36. Kxf2 {[%mdl 4096] Endgame KQR-KQN} Qh4+ 37. Kf1 Qxg4 38. Qe2 Qf5+ 39. Kg2 Qh3+ 40. Kf2 Qh4+ 41. Kg2 Ne6 {Hoping for ...Nf4+.} 42. Qd1 $2 (42. Qf3) 42... Nf4+ 43. Kf3 Qh3+ 44. Ke4 Qg2+ {[%mdl 64] Double Attack} 45. Ke3 d5 46. cxd5 Nxd5+ 47. Kd3 Qh3+ 48. Kd2 Qh6+ (48... Qc3+ $19 {and Black stays clearly on top.} 49. Ke2 Qe3+ 50. Kf1 Qf4+ 51. Ke1 Qh4+ 52. Kd2 Qd4+ 53. Ke1 Qe4+ 54. Kd2 Qf4+ 55. Ke1 Qh4+ 56. Kd2 Qf4+ 57. Ke1) 49. Kd3 $17 Qh3+ (49... Qf4 $17 50. Re1 Kg7) 50. Kd2 $19 Qc3+ 51. Ke2 Qe3+ 52. Kf1 Qf4+ 53. Ke1 Qb4+ 54. Kf2 Qh4+ 55. Kg1 Nf4 56. Kf1 {intending Qd7.} Kg7 $2 (56... Qh3+ $19 57. Kf2 Qg2+ 58. Ke3 Nd5+ 59. Kd3 b5) 57. Qd7+ $15 Kh6 {aiming for ...Qh5!} 58. Qxb7 Qh3+ 59. Kf2 Qh4+ 60. Ke3 Qh3+ 61. Qf3 {Qxh3+ is the strong threat.The position is equal.} Qc8 62. Kd2 Qc5 63. Re1 Qa5+ 64. Qc3 Qxa2+ 65. Kd1 Qb1+ 66. Kd2 Qa2+ 67. Kd1 e4 68. h4 Qb1+ 69. Kd2 {[#]} e3+ $1 {[%mdl 512]} 70. Qxe3 Qb2+ 71. Kd1 Qb1+ 72. Kd2 Qb2+ {Whites escaped into a draw. Av CentiPawn Loss W=-2/B=-35. Weighted=-38/-33} 1/2-1/2